000
00213 a2200097 4500
001
7900
100
_a
Wood, A
245
_a
Bertrand Russell : the passionate skeptic
260
_a
_b
Allen
_c
090
_c
6343
_d
6343
942
_a
NUST-CAE
_c
M
_c
32871
999
_c
242973
_d
242973